[Event "BL 9394 München 36-Bamberg"]
[Site "?"]
[Date "1993.??.??"]
[Round "?.1"]
[White "Pfleger, He"]
[Black "Hertneck, G."]
[Result "0-1"]
[WhiteElo "2485"]
[BlackElo "2555"]
[PlyCount "78"]
[EventDate "1993.??.??"]

1. Nf3 Nf6 2. c4 c6 3. g3 d5 4. b3 Bg4 5. Bg2 Nbd7 6. Bb2 e6 7. O-O Bd6 8. d3
O-O 9. Nbd2 Re8 10. Qc2 e5 11. e4 dxe4 12. dxe4 a5 13. h3 Bh5 14. a3 Qc7 15.
Nh4 Bc5 16. Kh2 Nf8 17. Ndf3 Rad8 18. Rae1 N6d7 19. Rd1 f6 20. Rd2 Ne6 21. Re1
Ndf8 22. g4 Rxd2 23. Qxd2 Rd8 24. Qc2 Be8 25. Kg1 Qd6 26. Nf5 Qd3 27. N5d4 Bxd4
28. Qxd3 Bxf2+ 29. Kxf2 Rxd3 30. Re3 Rd8 31. Bf1 Ng6 32. b4 Ra8 33. bxa5 Rxa5
34. Nd2 Ngf4 35. h4 Ra8 36. Rb3 Nc5 37. Rb6 Rd8 38. Ke3 Bd7 39. g5 Bh3 0-1

[Event "BL 9394 München 36-Bamberg"]
[Site "?"]
[Date "1993.??.??"]
[Round "?.2"]
[White "Stohl, I."]
[Black "Pribyl, J."]
[Result "1-0"]
[WhiteElo "2545"]
[BlackElo "2470"]
[PlyCount "111"]
[EventDate "1993.??.??"]

1. Nf3 d6 2. d4 Bg4 3. c4 Nf6 4. Nc3 Bxf3 5. exf3 g6 6. Be3 Nbd7 7. d5 Bg7 8.
Be2 O-O 9. O-O c6 10. Qb3 cxd5 11. cxd5 Qb8 12. Rfc1 Rc8 13. f4 a6 14. a4 b6
15. Bf3 Nc5 16. Qd1 Ra7 17. b4 Ncd7 18. Ne2 Rac7 19. Nd4 Qb7 20. Nc6 Kf8 21.
Ra2 Ne8 22. Re2 Ra8 23. Nxe7 Kxe7 24. Bxb6+ Kf8 25. Rxe8+ Rxe8 26. Bxc7 Qxb4
27. g3 Kg8 28. Kg2 Bf8 29. a5 Nc5 30. Bb6 Bg7 31. Be2 Re4 32. Rb1 Qa3 33. Bf3
Rb4 34. Rxb4 Qxb4 35. Qe2 Bc3 36. h4 Qd4 37. Bc7 Nd3 38. Bxd6 Ne1+ 39. Kg1
Nxf3+ 40. Qxf3 Bxa5 41. Be5 Qc4 42. d6 Qc8 43. Qd5 Bd8 44. d7 Qc2 45. Qa8 Qb1+
46. Kg2 Qb6 47. Bd4 Qxd4 48. Qxd8+ Kg7 49. Qe7 Qd5+ 50. Kh2 Qd2 51. d8=Q Qxf2+
52. Kh3 Qf1+ 53. Kg4 h5+ 54. Kg5 Qb5+ 55. Qe5+ f6+ 56. Qdxf6+ 1-0

[Event "BL 9394 München 36-Bamberg"]
[Site "?"]
[Date "1993.??.??"]
[Round "?.3"]
[White "Meister, P."]
[Black "Atlas, V."]
[Result "1-0"]
[WhiteElo "2415"]
[BlackElo "2470"]
[PlyCount "149"]
[EventDate "1993.??.??"]

1. d4 Nf6 2. c4 e6 3. Nf3 b6 4. g3 Ba6 5. Qa4 Bb7 6. Bg2 c5 7. dxc5 Bxc5 8. O-O
O-O 9. Nc3 Be7 10. Rd1 Na6 11. Bf4 Nc5 12. Qc2 Qc8 13. Rac1 Nce4 14. Nxe4 Bxe4
15. Qa4 Bc6 16. Qb3 Qa6 17. Bd6 Bxd6 18. Rxd6 Ne4 19. Rd4 Nc5 20. Qc2 Qxa2 21.
b4 Qxc2 22. Rxc2 Nb3 23. Rd3 Be4 24. Rcc3 Na1 25. Rc1 Bxd3 26. exd3 a5 27. Rxa1
axb4 28. Rb1 Ra4 29. Nd4 Rc8 30. Bf3 Kf8 31. Kg2 d5 32. Bd1 Ra3 33. Bb3 dxc4
34. Bxc4 e5 35. Nb5 Ra4 36. Bxf7 Rc5 37. Bb3 Ra5 38. Nd6 Ra3 39. Bc4 Ra4 40.
Kf3 Ke7 41. Nf5+ Kf8 42. Nd6 Ke7 43. Ne4 Rca5 44. Ke3 h6 45. h4 Kd7 46. Rb2 Ke7
47. g4 Kd7 48. g5 hxg5 49. hxg5 Ke7 50. Rb1 Kd7 51. f3 Kc6 52. Bf7 Ra1 53. Rxb4
Re1+ 54. Kd2 Raa1 55. Nc3 Rg1 56. Bd5+ Kc7 57. Kc2 Rxg5 58. Be4 Rg2+ 59. Kb3
Rgg1 60. Rc4+ Kd7 61. Bf5+ Kd6 62. Be4 Kd7 63. Rb4 g5 64. Kb2 Kc7 65. Nb5+ Kd8
66. Na3 Rae1 67. Rb5 Re2+ 68. Kb3 Rd1 69. Kc4 g4 70. Rd5+ Kc7 71. Nb5+ Kc8 72.
Bf5+ Kb7 73. Rd7+ Kb8 74. Rd8+ Kb7 75. Bc8+ 1-0

[Event "BL 9394 München 36-Bamberg"]
[Site "?"]
[Date "1993.??.??"]
[Round "?.4"]
[White "Ruf, M."]
[Black "Hennings, A."]
[Result "1-0"]
[WhiteElo "2430"]
[BlackElo "2365"]
[PlyCount "85"]
[EventDate "1993.??.??"]

1. Nf3 d5 2. c4 c6 3. Qb3 Nf6 4. d4 dxc4 5. Qxc4 Bf5 6. Nc3 e6 7. g3 b5 8. Qb3
b4 9. Nb1 Nbd7 10. Bg2 c5 11. Nbd2 Rc8 12. Nh4 cxd4 13. Nxf5 exf5 14. Qd3 Nc5
15. Qxf5 Be7 16. O-O O-O 17. Nb3 Nxb3 18. axb3 Qb6 19. Bf4 Rfd8 20. Rfc1 Rxc1+
21. Rxc1 g6 22. Qe5 Qd6 23. Rc6 Qxe5 24. Bxe5 Ng4 25. Bc7 d3 26. Rc1 d2 27. Rd1
Bc5 28. e3 Bxe3 29. fxe3 Nxe3 30. Bxd8 Nxd1 31. Bg5 Ne3 32. Bf3 d1=Q+ 33. Bxd1
Nxd1 34. Bc1 f5 35. Kf1 Kf7 36. Ke2 Nxb2 37. Bxb2 Ke6 38. Bd4 a5 39. Bb6 a4 40.
bxa4 Kd5 41. Kd3 g5 42. Be3 h6 43. a5 1-0

[Event "BL 9394 München 36-Bamberg"]
[Site "?"]
[Date "1993.??.??"]
[Round "?.5"]
[White "Pribyl, M."]
[Black "Klundt, K."]
[Result "1-0"]
[WhiteElo "2300"]
[BlackElo "2375"]
[PlyCount "81"]
[EventDate "1993.??.??"]

1. Nf3 Nf6 2. d4 g6 3. c4 Bg7 4. Nc3 O-O 5. e4 d6 6. Be2 e5 7. O-O Nc6 8. d5
Ne7 9. Ne1 Nd7 10. Be3 f5 11. f3 f4 12. Bf2 g5 13. b4 Nf6 14. c5 Ng6 15. a4 h5
16. b5 g4 17. Kh1 g3 18. hxg3 fxg3 19. Bxg3 h4 20. Bh2 Nh5 21. Rf2 Bh6 22. Nc2
Bf4 23. Bxf4 Ngxf4 24. Ne3 Qg5 25. Bc4 Nh3 26. gxh3 Qxe3 27. Qd2 Rxf3 28. Qxe3
Rxe3 29. Ne2 Bxh3 30. Rg1+ Kh8 31. Rg5 Ng3+ 32. Nxg3 Rxg3 33. Rh5+ Kg7 34. Rxh4
Rh8 35. Rxh8 Kxh8 36. c6 b6 37. Kh2 Rc3 38. Rf7 Bg4 39. Rxc7 Rxc4 40. Rxa7 Bf3
41. a5 1-0

[Event "BL 9394 München 36-Bamberg"]
[Site "?"]
[Date "1993.??.??"]
[Round "?.6"]
[White "Pezerovic, E."]
[Black "Stickler, A."]
[Result "1-0"]
[WhiteElo "2400"]
[BlackElo "2245"]
[PlyCount "113"]
[EventDate "1993.??.??"]

1. Nf3 c5 2. c4 Nf6 3. Nc3 e6 4. d4 cxd4 5. Nxd4 a6 6. g3 Nc6 7. Bg2 Qb6 8. Nc2
d6 9. O-O Be7 10. b3 O-O 11. Bb2 Bd7 12. e4 Rab8 13. Qe2 Qa5 14. a3 b5 15. b4
Qb6 16. Ne3 Ne5 17. Rfc1 Nxc4 18. Nxc4 bxc4 19. Qxc4 Ng4 20. Nd1 Rfc8 21. Qd4
Qxd4 22. Bxd4 Ne5 23. Bxe5 dxe5 24. Bf1 Bb5 25. Nb2 Bg5 26. Rxc8+ Rxc8 27. Bxb5
axb5 28. Nd3 f6 29. Nc5 Rc6 30. Rd1 f5 31. Rd7 fxe4 32. Nxe4 Bc1 33. Nd6 h5 34.
Nxb5 Ra6 35. Rd1 Bb2 36. Rd2 Bd4 37. Kg2 Kf7 38. Kf3 Ke7 39. Nxd4 exd4 40. Ke4
Rxa3 41. Kxd4 Kd6 42. Ke4+ Ke7 43. Rb2 Kd6 44. b5 Ra4+ 45. Ke3 Kc7 46. b6+ Kb7
47. f4 Ra5 48. h4 Ra3+ 49. Kf2 Ra6 50. Rb5 Ra2+ 51. Kf3 Ra3+ 52. Kg2 Ra8 53.
Rxh5 Kxb6 54. Re5 Ra7 55. Rxe6+ Kc5 56. Kf3 Kd5 57. Re5+ 1-0

[Event "BL 9394 München 36-Bamberg"]
[Site "?"]
[Date "1993.??.??"]
[Round "?.7"]
[White "Kurz, A."]
[Black "Geisler, F."]
[Result "1/2-1/2"]
[WhiteElo "2320"]
[BlackElo "2305"]
[PlyCount "98"]
[EventDate "1993.??.??"]

1. d4 f5 2. Nc3 d5 3. Bg5 h6 4. Bf4 Nf6 5. e3 e6 6. Nf3 Bd6 7. Bd3 O-O 8. Ne2
b6 9. h3 c5 10. c3 Nc6 11. Be5 Qc7 12. Nf4 Bxe5 13. Nxe5 Nxe5 14. dxe5 Ne4 15.
f3 Ng3 16. Rg1 g5 17. Ng6 Rf7 18. Kf2 Ne4+ 19. fxe4 fxe4+ 20. Kg3 Rg7 21. Qh5
Qf7 22. Rgf1 Qxg6 23. Be2 g4 24. Qxg6 Rxg6 25. hxg4 Bd7 26. Rf6 Rxf6 27. exf6
Rf8 28. Rf1 Kh7 29. Kf4 Rxf6+ 30. Ke5 Rxf1 31. Bxf1 Kg6 32. Kd6 Be8 33. Kxe6
Bf7+ 34. Ke5 Kg5 35. Be2 Bg8 36. a4 Bf7 37. g3 Bg8 38. c4 dxc4 39. Kxe4 Be6 40.
Ke5 Bd7 41. Kd6 Bxa4 42. e4 Bb5 43. e5 c3 44. Bxb5 c2 45. e6 c1=Q 46. e7 Qxb2
47. e8=Q Qf6+ 48. Kc7 Kxg4 49. Qe3 Kf5 1/2-1/2

[Event "BL 9394 München 36-Bamberg"]
[Site "?"]
[Date "1993.??.??"]
[Round "?.8"]
[White "Sandor, C."]
[Black "Loew, G."]
[Result "1-0"]
[WhiteElo "2305"]
[BlackElo "2235"]
[PlyCount "133"]
[EventDate "1993.??.??"]

1. e4 c5 2. Nf3 Nc6 3. d4 cxd4 4. Nxd4 Nf6 5. Nc3 e5 6. Ndb5 d6 7. Bg5 a6 8.
Na3 b5 9. Bxf6 gxf6 10. Nd5 f5 11. Bd3 Qg5 12. Nc7+ Kd8 13. Nxa8 Qxg2 14. Rf1
Nd4 15. Qh5 Nf3+ 16. Kd1 fxe4 17. Be2 Ke7 18. Nc7 Bg4 19. Nd5+ Ke6 20. Nc7+ Kf6
21. Nd5+ Kg7 22. Ne3 Qxf1+ 23. Nxf1 Bxh5 24. c4 bxc4 25. Nxc4 f5 26. Rc1 Bf7
27. Bxf3 exf3 28. Ncd2 Be7 29. Rc7 Kf6 30. Ng3 Rb8 31. b3 Bd8 32. Ra7 Rb6 33.
Nxf5 Bg6 34. Ne3 Rc6 35. Ndc4 Ke6 36. a4 d5 37. Nxd5 Kxd5 38. Rd7+ Kc5 39. Rxd8
Kb4 40. Nxe5 Bc2+ 41. Kd2 Re6 42. Rb8+ Kc5 43. Nd7+ Kd4 44. Rb4+ Kd5 45. Kxc2
Re2+ 46. Kd3 Rxf2 47. Nf6+ Kc5 48. Rc4+ Kb6 49. Nd5+ Kb7 50. Rc7+ Kb8 51. Rxh7
Rb2 52. Kc3 f2 53. Rf7 f1=Q 54. Rxf1 Rxh2 55. Rf7 Rh4 56. Nb4 Rh6 57. Kc4 Rg6
58. Nd5 Rc6+ 59. Kb4 Rd6 60. Kc5 Rh6 61. Rf6 Rh3 62. Rxa6 Rxb3 63. Rb6+ Rxb6
64. Kxb6 Ka8 65. Nc7+ Kb8 66. a5 Kc8 67. a6 1-0

[Event "BL 9394 Bayern-Zähringen"]
[Site "?"]
[Date "1993.??.??"]
[Round "?.1"]
[White "Gavrikov, V."]
[Black "Huebner, R."]
[Result "1/2-1/2"]
[WhiteElo "2580"]
[BlackElo "2605"]
[PlyCount "55"]
[EventDate "1993.??.??"]

1. Nf3 d5 2. d4 Nf6 3. c4 c6 4. Nc3 a6 5. a4 e6 6. Bg5 h6 7. Bh4 Bb4 8. Qb3 a5
9. e3 Na6 10. Rd1 Be7 11. Be2 Nb4 12. O-O O-O 13. Ne5 Nd7 14. Bg3 Nxe5 15. Bxe5
b6 16. e4 Ba6 17. Rfe1 Rc8 18. Bf1 Bg5 19. h3 dxc4 20. Bxc4 Bxc4 21. Qxc4 Qd7
22. Na2 Nxa2 23. Qxa2 Be7 24. Qb3 Bb4 25. Re3 f6 26. Bf4 Rfd8 27. Red3 Qf7 28.
Bd2 1/2-1/2

[Event "BL 9394 Bayern-Zähringen"]
[Site "?"]
[Date "1993.??.??"]
[Round "?.3"]
[White "Maier, C."]
[Black "Hjartarson, J."]
[Result "0-1"]
[WhiteElo "2365"]
[BlackElo "2605"]
[PlyCount "46"]
[EventDate "1993.??.??"]

1. e4 c5 2. Nf3 e6 3. d3 d5 4. Nbd2 Nc6 5. g3 g6 6. Bg2 Bg7 7. O-O Nge7 8. Re1
O-O 9. c3 b6 10. Qa4 a5 11. exd5 exd5 12. Qf4 Ba6 13. d4 cxd4 14. Nxd4 Nxd4 15.
cxd4 Nc6 16. Nf3 Nb4 17. Re5 Nd3 18. Qe3 Nxe5 19. dxe5 Re8 20. Bd2 d4 21. Nxd4
Rxe5 22. Nc6 Rxe3 23. Nxd8 Rd3 0-1

[Event "BL 9394 Bayern-Zähringen"]
[Site "?"]
[Date "1993.??.??"]
[Round "?.4"]
[White "Kindermann, S."]
[Black "Schuh, H."]
[Result "1/2-1/2"]
[WhiteElo "2520"]
[BlackElo "2355"]
[PlyCount "101"]
[EventDate "1993.??.??"]

1. e4 c5 2. Nf3 d6 3. d4 cxd4 4. Nxd4 Nf6 5. Nc3 Nc6 6. Bc4 e6 7. Be3 Be7 8.
Bb3 O-O 9. f4 Nxd4 10. Qxd4 a6 11. O-O-O Qc7 12. Rhf1 b5 13. f5 Kh8 14. h3 Qb7
15. fxe6 fxe6 16. e5 dxe5 17. Qxe5 Qxg2 18. Bd4 Bd7 19. Bxe6 Bxe6 20. Qxe6 Rae8
21. Rg1 Qb7 22. Qf5 b4 23. Nd5 Bd8 24. Bc5 Rf7 25. Rge1 Rxe1 26. Rxe1 g6 27.
Qe5 Qxd5 28. Qxd5 Nxd5 29. Re8+ Kg7 30. Rxd8 Rf5 31. Rd7+ Kg8 32. Ra7 Rh5 33.
Rxa6 Rxh3 34. Rd6 Rh1+ 35. Kd2 Rh2+ 36. Kd3 Nf4+ 37. Ke4 Rxc2 38. Bd4 g5 39.
Kf5 Kf7 40. Rd7+ Ke8 41. Rxh7 Nd3 42. Rb7 g4 43. Ke4 Nf2+ 44. Kf4 Nd3+ 45. Ke3
Nxb2 46. Rxb4 Nd1+ 47. Kf4 Rxa2 48. Kxg4 Nf2+ 49. Kf3 Nd3 50. Rb1 Kd7 51. Ke3
1/2-1/2

[Event "BL 9394 Bayern-Zähringen"]
[Site "?"]
[Date "1993.??.??"]
[Round "?.5"]
[White "Raupp, T."]
[Black "Boensch, U."]
[Result "1/2-1/2"]
[WhiteElo "2360"]
[BlackElo "2525"]
[PlyCount "97"]
[EventDate "1993.??.??"]

1. d4 Nf6 2. c4 e6 3. Nc3 d5 4. cxd5 exd5 5. Bg5 c6 6. e3 Be7 7. Qc2 Nbd7 8.
Bd3 Nh5 9. Bxe7 Qxe7 10. Nge2 g6 11. O-O O-O 12. Rab1 f5 13. b4 b5 14. a4 a6
15. a5 Bb7 16. Na2 Rae8 17. Nac1 Rf6 18. Nb3 Bc8 19. Nc5 Nxc5 20. dxc5 Qg7 21.
Qd2 Bd7 22. Rbe1 Rf7 23. f4 g5 24. fxg5 Qxg5 25. Nf4 Ng7 26. Qc3 Rfe7 27. Rf3
Kf7 28. Qd4 Qf6 29. Ne2 Re5 30. Nf4 Ke7 31. Ref1 Kd8 32. Rg3 R8e7 33. Bc2 Qf8
34. Qd2 Qe8 35. Rff3 Nh5 36. Nxh5 Qxh5 37. Rg8+ Kc7 38. Qd4 Qh6 39. Rgg3 Kb7
40. h3 Bc8 41. Rf4 Qh5 42. Rff3 Qh6 43. Rf4 Bd7 44. Kf2 Qf6 45. Rgf3 Qg5 46.
Rg3 Qh6 47. Rgf3 Qh5 48. Rh4 Qe8 49. Rhf4 1/2-1/2

[Event "BL 9394 Bayern-Zähringen"]
[Site "?"]
[Date "1993.??.??"]
[Round "?.6"]
[White "Stangl, M."]
[Black "Brendel, O."]
[Result "1-0"]
[WhiteElo "2525"]
[BlackElo "2385"]
[PlyCount "61"]
[EventDate "1993.??.??"]

1. Nf3 c5 2. c4 Nc6 3. d4 cxd4 4. Nxd4 g6 5. e4 Nf6 6. Nc3 Nxd4 7. Qxd4 d6 8.
Bg5 Bg7 9. Be2 O-O 10. Qd2 Be6 11. O-O a6 12. Rfd1 Rc8 13. b3 b5 14. e5 Ne8 15.
cxb5 Bxe5 16. Rac1 axb5 17. Nxb5 Ra8 18. Bf3 Ra6 19. Qe2 Ng7 20. Nd4 Qa5 21.
Rc2 Nf5 22. Nc6 Rxc6 23. Bxc6 h6 24. Be3 Qb4 25. Bd5 Nxe3 26. Qxe3 Qh4 27. g3
Qg4 28. Rdd2 Bf5 29. Rc4 Qh5 30. Rh4 Qg5 31. f4 1-0

[Event "BL 9394 Bayern-Zähringen"]
[Site "?"]
[Date "1993.??.??"]
[Round "?.7"]
[White "Siegel, G."]
[Black "Bischoff, K."]
[Result "1/2-1/2"]
[WhiteElo "2335"]
[BlackElo "2515"]
[PlyCount "114"]
[EventDate "1993.??.??"]

1. d4 Nf6 2. c4 e6 3. g3 d5 4. Nf3 Bb4+ 5. Bd2 Be7 6. Bg2 Nbd7 7. O-O c6 8. Qc2
O-O 9. Bf4 b6 10. Nbd2 Bb7 11. e4 dxe4 12. Nxe4 c5 13. Nd6 Bxd6 14. Bxd6 Re8
15. Rad1 Be4 16. Qe2 Qc8 17. dxc5 bxc5 18. Ne5 Bxg2 19. Kxg2 Qb7+ 20. Kg1 a5
21. Rd3 a4 22. Rfd1 h6 23. Nxd7 Nxd7 24. Bf4 Nf8 25. Be5 Rac8 26. Qg4 f6 27.
Bc3 Qe7 28. Qe4 Rc7 29. f4 Rec8 30. Rd6 Ra7 31. Kf2 Qe8 32. R1d2 Rd7 33. Rxd7
Nxd7 34. Rd6 Nf8 35. Qd3 Qe7 36. g4 Qb7 37. Qf3 Qc7 38. Qd3 Kf7 39. Qd2 Ke7 40.
Rd3 Qc6 41. Qd1 Qe4 42. Qf3 Qxf3+ 43. Kxf3 Nd7 44. h4 Rb8 45. Ke4 Nb6 46. b3
axb3 47. axb3 Nc8 48. Ba5 Nd6+ 49. Kf3 Rb7 50. h5 e5 51. fxe5 fxe5 52. Re3 Ke6
53. Kg3 e4 54. Kf4 Rf7+ 55. Kg3 Rb7 56. Kf4 Rf7+ 57. Kg3 Rb7 1/2-1/2

[Event "BL 9394 Bayern-Zähringen"]
[Site "?"]
[Date "1993.??.??"]
[Round "?.8"]
[White "Bezold, M."]
[Black "Weidemann, J."]
[Result "1/2-1/2"]
[WhiteElo "2490"]
[BlackElo "2285"]
[PlyCount "98"]
[EventDate "1993.??.??"]

1. c4 c5 2. g3 g6 3. Bg2 Bg7 4. Nc3 Nc6 5. Nf3 Nf6 6. O-O O-O 7. a3 d5 8. cxd5
Nxd5 9. Nxd5 Qxd5 10. d3 Qh5 11. Rb1 Rd8 12. Qb3 h6 13. Be3 b6 14. Nh4 Be6 15.
Qa4 Bd5 16. Bf3 Qe5 17. Rfc1 Nd4 18. Bxd4 Qxd4 19. Qa6 Bf6 20. Bxd5 Qxd5 21.
Nf3 Kg7 22. b3 Qe6 23. Rc2 g5 24. Qc4 Qd7 25. Qe4 Qd5 26. Qxd5 Rxd5 27. a4 g4
28. Nd2 Rd4 29. Nc4 e6 30. Na3 h5 31. Kg2 Be7 32. Rc4 Rad8 33. Ra1 a6 34. h3 f5
35. hxg4 hxg4 36. Rac1 R4d7 37. Rh1 Rh8 38. Rxh8 Kxh8 39. f3 gxf3+ 40. Kxf3 Rb7
41. Rc1 b5 42. Ra1 Bf6 43. Ra2 Kg7 44. axb5 axb5 45. Nc2 c4 46. dxc4 bxc4 47.
bxc4 Rb3+ 48. e3 Rc3 49. g4 Rxc4 1/2-1/2

[Event "BL 9394 Bamberg-Bayern"]
[Site "?"]
[Date "1993.??.??"]
[Round "?.3"]
[White "Hjartarson, J."]
[Black "Meister, P."]
[Result "1-0"]
[WhiteElo "2605"]
[BlackElo "2415"]
[PlyCount "83"]
[EventDate "1993.??.??"]

1. e4 e6 2. d4 d5 3. Nc3 Nc6 4. Nf3 Nf6 5. Bd3 Nb4 6. Bg5 Nxd3+ 7. Qxd3 dxe4 8.
Nxe4 Be7 9. Bxf6 gxf6 10. c4 c6 11. O-O-O Qa5 12. Kb1 b5 13. d5 bxc4 14. Qxc4
Qb5 15. Qxc6+ Qxc6 16. dxc6 e5 17. Rhe1 Be6 18. Re3 Rc8 19. Rc3 Rg8 20. g3 f5
21. Nd6+ Bxd6 22. Rxd6 Ke7 23. Rd2 f6 24. b4 a6 25. Rc5 Rg4 26. a3 Rc7 27. Rdc2
f4 28. Kc1 fxg3 29. hxg3 Bb3 30. R2c3 Ba4 31. Nh4 Bb5 32. Kb2 Ke6 33. Kb3 Rd4
34. a4 Be2 35. b5 Bd1+ 36. Kb2 Rxa4 37. b6 Rb4+ 38. Kc1 Rxb6 39. Kxd1 a5 40.
Rxa5 Rbxc6 41. Rxc6+ Rxc6 42. Ra7 1-0

[Event "BL 9394 Bamberg-Bayern"]
[Site "?"]
[Date "1993.??.??"]
[Round "?.4"]
[White "Hennings, A."]
[Black "Schlosser, P."]
[Result "1-0"]
[WhiteElo "2365"]
[BlackElo "2550"]
[PlyCount "89"]
[EventDate "1993.??.??"]

1. e4 c5 2. Nc3 Nc6 3. Bb5 Nd4 4. a4 e6 5. Nge2 a6 6. Bc4 Ne7 7. d3 g6 8. Bg5
Bg7 9. O-O h6 10. Bh4 g5 11. Bg3 d5 12. Ba2 Nxe2+ 13. Qxe2 d4 14. Nb1 Ng6 15.
Nd2 h5 16. h3 e5 17. f3 a5 18. Bc4 Ra7 19. Kf2 b6 20. Ke1 Bh6 21. Kd1 g4 22.
hxg4 hxg4 23. Rh1 Qg5 24. Nf1 f5 25. c3 f4 26. Bf2 Rah7 27. Kc2 g3 28. Be1 Bf8
29. Rxh7 Rxh7 30. Bb5+ Kd8 31. Bd2 Rh1 32. b4 dxc3 33. bxa5 cxd2 34. axb6 Qf6
35. a5 Nh4 36. Qxd2 Rg1 37. a6 Qxb6 38. a7 Bb7 39. a8=Q+ Bxa8 40. Rxa8+ Kc7 41.
Qc3 Rxg2+ 42. Kd1 Qxb5 43. Qxe5+ Bd6 44. Qg7+ Kb6 45. Qa7+ 1-0

[Event "BL 9394 Bamberg-Bayern"]
[Site "?"]
[Date "1993.??.??"]
[Round "?.5"]
[White "Boensch, U."]
[Black "Pribyl, M."]
[Result "1-0"]
[WhiteElo "2525"]
[BlackElo "2300"]
[PlyCount "123"]
[EventDate "1993.??.??"]

1. e4 d6 2. d4 Nf6 3. f3 g6 4. Be3 Bg7 5. Qd2 O-O 6. c4 Nc6 7. Ne2 a6 8. Na3
Rb8 9. Rc1 Re8 10. d5 Ne5 11. Nc3 c6 12. Be2 b5 13. dxc6 b4 14. Nd5 Nxc6 15.
Nb1 e6 16. Nf4 e5 17. Nd3 Nd4 18. O-O Nd7 19. Bd1 Nc5 20. Nxb4 Qb6 21. Nd3 Nxd3
22. Qxd3 Qxb2 23. Rf2 Qb4 24. Nd2 Be6 25. f4 f5 26. Bxd4 exd4 27. Bf3 Kh8 28.
Rff1 a5 29. Rc2 a4 30. g3 Qc5 31. Kg2 Rb4 32. Re1 Rc8 33. Rec1 Rcb8 34. h3 Rb2
35. exf5 Bxf5 36. Be4 Bxe4+ 37. Qxe4 Rxc2 38. Rxc2 Qf5 39. g4 Qxe4+ 40. Nxe4 d3
41. Rd2 Rb2 42. Rxb2 Bxb2 43. Kf3 Bc1 44. Nc3 a3 45. Ke4 Kg7 46. Kxd3 Bxf4 47.
Ke4 Bd2 48. Nb5 Bb4 49. Kd5 Kf6 50. Nxd6 Kg5 51. c5 Kh4 52. Nc4 Bxc5 53. Kxc5
h5 54. Nxa3 Kxh3 55. gxh5 gxh5 56. Nc4 h4 57. Ne3 Kh2 58. a4 h3 59. a5 Kg3 60.
a6 Kf3 61. a7 Kxe3 62. a8=Q 1-0

[Event "BL 9394 Bamberg-Bayern"]
[Site "?"]
[Date "1993.??.??"]
[Round "?.6"]
[White "Stickler, A."]
[Black "Stangl, M."]
[Result "1/2-1/2"]
[WhiteElo "2245"]
[BlackElo "2525"]
[PlyCount "87"]
[EventDate "1993.??.??"]

1. d4 d5 2. Nf3 e6 3. c4 c6 4. e3 f5 5. Bd3 Bd6 6. b3 Nd7 7. Bb2 Qf6 8. Qc2 Ne7
9. Nbd2 O-O 10. O-O-O a5 11. c5 Bc7 12. Kb1 b6 13. cxb6 Bd6 14. a3 Ba6 15. Ne1
Qg6 16. Bxa6 Rxa6 17. Nd3 Rxb6 18. Rc1 Rfb8 19. Ka2 R6b7 20. f4 Nf6 21. Nc5
Bxc5 22. dxc5 Nd7 23. Bd4 e5 24. fxe5 Qe6 25. Qc3 Rb5 26. Rb1 Ng6 27. Nf3 Qe7
28. Rhc1 Re8 29. a4 Rb4 30. Qd3 Ngxe5 31. Nxe5 Nxe5 32. Qxf5 Ng6 33. Rf1 Rf8
34. Qd3 Qg5 35. Rxf8+ Nxf8 36. Rb2 Ne6 37. Rf2 h6 38. g3 Qe7 39. Qf5 Nxd4 40.
exd4 Rxd4 41. Qc8+ Kh7 42. Qf5+ Kg8 43. Qc8+ Kh7 44. Qf5+ 1/2-1/2

[Event "BL 9394 Bamberg-Bayern"]
[Site "?"]
[Date "1993.??.??"]
[Round "?.7"]
[White "Bischoff, K."]
[Black "Kurz, A."]
[Result "1-0"]
[WhiteElo "2515"]
[BlackElo "2320"]
[PlyCount "65"]
[EventDate "1993.??.??"]

1. c4 c5 2. Nf3 Nf6 3. g3 d5 4. Bg2 Nc6 5. O-O e5 6. cxd5 Nxd5 7. Nc3 Be6 8.
Nxd5 Bxd5 9. Qa4 Bd6 10. d3 O-O 11. Be3 Nd4 12. Nxd4 Bxg2 13. Ne6 Qe7 14. Nxf8
Bxf1 15. Rxf1 Kxf8 16. Rc1 Kg8 17. Kg2 b6 18. Qc6 Rf8 19. Rc4 h6 20. a4 Rb8 21.
f3 Rb7 22. Qc8+ Kh7 23. Qf5+ Kh8 24. Qc8+ Kh7 25. Qf5+ Kh8 26. b4 Rc7 27. bxc5
Bxc5 28. Bxc5 bxc5 29. Re4 f6 30. f4 c4 31. fxe5 fxe5 32. Rxe5 Qd8 33. Qe4 1-0

[Event "BL 9394 Bamberg-Bayern"]
[Site "?"]
[Date "1993.??.??"]
[Round "?.8"]
[White "Loew, G."]
[Black "Bezold, M."]
[Result "1/2-1/2"]
[WhiteElo "2235"]
[BlackElo "2490"]
[PlyCount "135"]
[EventDate "1993.??.??"]

1. e4 c5 2. Nf3 e6 3. d4 cxd4 4. Nxd4 a6 5. c4 Nf6 6. Nc3 Qc7 7. Be2 b6 8. Be3
Bb7 9. f3 Be7 10. O-O O-O 11. Rc1 d6 12. Qe1 Nbd7 13. Qf2 Rac8 14. Rfd1 Qb8 15.
g4 Ne5 16. b3 Rfe8 17. g5 Nfd7 18. h4 Bf8 19. h5 g6 20. f4 Nc6 21. Nf3 Nc5 22.
Nh2 Bg7 23. hxg6 fxg6 24. Bf3 Nb4 25. Qe2 Rf8 26. a3 Nc6 27. Qc2 Na5 28. Rb1
Qc7 29. Ng4 Ncxb3 30. Rxb3 Qxc4 31. Rxb6 Qxc3 32. Qf2 Ba8 33. Rxa6 Nc4 34. Bd4
Bxd4 35. Qxd4 Qxd4+ 36. Rxd4 Rxf4 37. Rxc4 Rxc4 38. Rxa8+ Kg7 39. Ra7+ Kf8 40.
Ra8+ Ke7 41. Ra7+ Kd8 42. Kg2 Rc3 43. Nh2 Rh4 44. Nf1 Rf4 45. Nh2 d5 46. exd5
exd5 47. Rxh7 Rf5 48. Ra7 Rxg5+ 49. Ng4 Rf5 50. Nh2 d4 51. Ra6 Rg5+ 52. Ng4 d3
53. a4 Ra3 54. Rd6+ Kc7 55. Rd4 Kb6 56. Kf2 Kc5 57. Rd8 Rf5 58. Ne3 Re5 59. Ng4
Re6 60. Bd1 Ra2+ 61. Kf3 d2 62. Nf2 Re1 63. Rg8 Ra3+ 64. Kg2 Ra1 65. Kf3 Rg1
66. Ke2 Ra2 67. Rd8 Re1+ 68. Kd3 1/2-1/2

[Event "BL 9394 Zähringen-München 36"]
[Site "?"]
[Date "1993.??.??"]
[Round "?.2"]
[White "Mikhalchishin, A."]
[Black "Stohl, I."]
[Result "1/2-1/2"]
[WhiteElo "2520"]
[BlackElo "2545"]
[PlyCount "39"]
[EventDate "1993.??.??"]

1. Nf3 Nf6 2. c4 b6 3. d4 e6 4. e3 Bb7 5. Bd3 d5 6. O-O Nbd7 7. Nc3 Bd6 8. Qe2
O-O 9. e4 dxe4 10. Nxe4 Nxe4 11. Bxe4 Bxe4 12. Qxe4 c5 13. Rd1 Qc7 14. Bg5 Rae8
15. Rac1 h6 16. Be3 Rd8 17. h3 Rfe8 18. b3 Nf6 19. Qc2 cxd4 20. Nxd4 1/2-1/2

[Event "BL 9394 Zähringen-München 36"]
[Site "?"]
[Date "1993.??.??"]
[Round "?.3"]
[White "Atlas, V."]
[Black "Schuh, H."]
[Result "1/2-1/2"]
[WhiteElo "2470"]
[BlackElo "2355"]
[PlyCount "105"]
[EventDate "1993.??.??"]

1. e4 c5 2. Nf3 d6 3. d4 cxd4 4. Nxd4 Nf6 5. Nc3 Nc6 6. g3 e6 7. Bg2 Bd7 8. O-O
Be7 9. Be3 O-O 10. a4 a6 11. Re1 Rc8 12. Nxc6 Bxc6 13. a5 Nd7 14. Na4 Qc7 15.
Nb6 Rce8 16. Nxd7 Qxd7 17. c4 f5 18. Qd3 fxe4 19. Bxe4 Bxe4 20. Qxe4 Bf6 21.
Red1 Rf7 22. Rd2 d5 23. cxd5 exd5 24. Qxd5 Qxd5 25. Rxd5 Bxb2 26. Rad1 Re5 27.
Bb6 Rxd5 28. Rxd5 Bc3 29. Kg2 Re7 30. f4 h6 31. Kf3 Kh7 32. Bd8 Re1 33. Rd7 Rb1
34. Ke4 Rb5 35. Bc7 Kg8 36. g4 g6 37. Rd5 Kf7 38. Rd7+ Ke6 39. Rd6+ Kf7 40. Rd5
Ke6 41. f5+ gxf5+ 42. gxf5+ Ke7 43. Bd8+ Ke8 44. Bb6 Rxd5 45. Kxd5 Ke7 46. Bc7
Kf6 47. Ke4 Ke7 48. Kf4 Bd2+ 49. Kg4 Kf6 50. Bd8+ Ke5 51. Bc7+ Kf6 52. Bd8+ Ke5
53. Bc7+ 1/2-1/2

[Event "BL 9394 Zähringen-München 36"]
[Site "?"]
[Date "1993.??.??"]
[Round "?.5"]
[White "Pezerovic, E."]
[Black "Raupp, T."]
[Result "1/2-1/2"]
[WhiteElo "2400"]
[BlackElo "2360"]
[PlyCount "60"]
[EventDate "1993.??.??"]

1. Nf3 d5 2. d4 Nf6 3. Bf4 e6 4. e3 c5 5. c3 Nc6 6. Nbd2 Be7 7. Bd3 O-O 8. O-O
b6 9. Qe2 Bb7 10. Rad1 Nh5 11. Ne5 Nxf4 12. exf4 cxd4 13. Nxc6 Bxc6 14. cxd4
Qd6 15. g3 Rac8 16. Ba6 Rc7 17. Nf3 Rb8 18. Bd3 g6 19. Rc1 Rbc8 20. h4 Be8 21.
Rxc7 Rxc7 22. Qe3 Bf6 23. Rc1 Rxc1+ 24. Qxc1 Qc6 25. Qxc6 Bxc6 26. Kf1 h5 27.
Ne5 Be8 28. Ke2 Kf8 29. b3 Be7 30. a4 a5 1/2-1/2

[Event "BL 9394 Zähringen-München 36"]
[Site "?"]
[Date "1993.??.??"]
[Round "?.6"]
[White "Brendel, O."]
[Black "Reich, T."]
[Result "1-0"]
[WhiteElo "2385"]
[BlackElo "2370"]
[PlyCount "33"]
[EventDate "1993.??.??"]

1. e4 d6 2. d4 g6 3. Nc3 Bg7 4. f4 Nf6 5. Nf3 c5 6. Bb5+ Nc6 7. dxc5 Qa5 8. O-O
O-O 9. Qe2 a6 10. Bd3 Qxc5+ 11. Be3 Qa5 12. h3 d5 13. e5 Nh5 14. Qf2 Be6 15.
Bb6 Qb4 16. a3 Qxf4 17. Ne2 1-0